000 01023nam a2200217 4500
001 sa 68014752
003 DLC
005 20260227112635.0
008 700209s1963 ii 00000 eng
010 _asa 68014752
025 _aPL480:I-E-10226
050 0 _aLAW
082 _a352/.96/0954792
110 1 0 _aMaharashtra, India (State).
_bArbitrator, Town Planning Scheme.
245 1 _aTown planning scheme, Karad no. 1 (final),
_bsanctioned to take effect from 1st January 1963 under government notification, Urban Development and Public Health Dept., no. TPS-1961-M, dated 20th June 1961, published at page 877 in part 1, Poona Division supplement, Maharashtra Govt. gazette, dated 29th June 1961.
260 0 _aBombay,
_bPrinted at the Govt. Central Press,
_c1963 [cover 1965]
300 _a143 p.
_c34 cm.
350 _a54.50 (for copy without maps)
500 _aAt head of title: Govt. of Maharashtra. Bombay town planning act, 1954, no. XXVII of 1955.
650 0 _aCity planning and redevelopment law
_zKarad.
999 _c86025
_d86025